00748cam a22001931 450000100100000000500170001000800410002704000380006808200150010610000220012124500730014326000570021630000210027349000820029450400520037665000260042865000180045483000820047200001849420260327092236.0770516s1964 ve b 000 0 spa  aDO-SdBNPcFU-LdOCoLCdDLCdBNPHU a346bC418p1 aCertad, Leonardo.13aLa proteccion posesoria; :bteoria general en el derecho venezolano. aCaracas, :bUniversidad Central de Venezuela,c1964. a195 p. ;c24 cm.1 aPublicaciones de la Facultad de Derecho. Coleccion Tesis de doctorado ;vv. 2 aIncluye referencia bibliográfica p.[185-195.] 0aPosesión (Derecho)  4aDerecho civil 0aPublicaciones de la Facultad de Derecho. Coleccion Tesis de doctorado ;nv. 2